000 00714cam a2200181 a 4500
001 000007439
005 20200929154154.0
008 790223s1929 sp c 000 0 spa
040 _aDO-SdBNP
_bspa
_cBNPHU
082 _a920.72
_bC355m
100 1 _aCastro, Cristóbal de,
_d1880-
_920654
245 1 0 _aMujeres extraordinarias :
_b(con retratos) mujeres de la historia - mujeres contemporáneas /
_cCristóbal de Castro.
260 _aMadrid :
_aBuenos Aires :
_bCompañía Ibero-Americana de Publicaciones Renacimiento,,
_c1929.
300 _a245 p. :
_bretrs. ;
_c19 cm.
650 4 _aMujeres
_xBiografías
_92896
650 4 _aMujeres
_xHistoria
_91930
650 4 _aMujeres
_xCuestiones sociales y morales
_xHistoria
_98257
999 _c7220
_d7220